| 000 | 00779nam a22002657a 4500 | ||
|---|---|---|---|
| 001 | 0074 | ||
| 003 | DO-SdBNP | ||
| 005 | 20180119092253.0 | ||
| 007 | 0074 | ||
| 008 | 151112b sp 2005 ||||| |||| 00| 0 spa d | ||
| 020 | _a9788430760176 | ||
| 040 |
_aBPMSU _bspa _cBPMSU |
||
| 092 |
_axxxx _bxxxx |
||
| 100 | 1 |
_aVerne, Jules, _d1828-1905 |
|
| 245 | 1 | 0 |
_aCinco semanas en globo / _cJules Verne ; traducción Genoveva Bernard de Ferrer |
| 260 |
_aBarcelona : _bTeide, _c2005. |
||
| 300 |
_a284 p. : _bil., _c20 cm. |
||
| 490 | 1 |
_aBiblioteca teide _v2 |
|
| 500 | _aIncluye notas al pie de las páginas | ||
| 700 | 1 | 0 |
_aBernard Ferrer, Genoveva de, _etr. |
| 830 | 0 |
_aBiblioteca teide _n2 |
|
| 942 |
_2ddc _cBK |
||
| 945 | _aInventariado, 2018 /LP | ||
| 956 |
_aBrenda Tavárez _b10 |
||
| 999 |
_c8687 _d8687 |
||